000 01241nam a22002297a 4500
005 20180813130708.0
010 _aHIN-99041 B-700539-545
020 _c350.00
_a9788188376186
035 _aHN-71387
035 _aB-700539-545
037 _bDBAD / PUB
082 _a920
082 _a509.2
100 _aपाण्डेय, ललित किशोर
245 _aविज्ञानी सर आइज़क न्यूटनः
_cललित किशोर पाण्डेय
_bजीवन और कृतित्व /
246 _aVigyani sir Isaac newton
_bby Lalit Kishor Pandey
260 _aदिल्ली
_bकीन बुक्स
_c2012
_c2017
270 _a18-बी, साउथ अनारकली
_bदिल्ली
_e110051
300 _a168पृ.
_c22सेमी (सजिल्द)
942 _2ddc
_cHN
_h920
_mपाण्डेय
999 _c75464
_d75464